|
|
|
|
| LEADER |
00931nam a2200193Ia 4500 |
| 008 |
160114b xxu||||| |||| 00| 0 eng d |
| 020 |
|
|
|a 8170002443
|
| 082 |
|
|
|a 020
|
| 100 |
|
|
|a Tripathi, S. M.
|
| 245 |
|
|
|a Objective questions in library and informations science /
|c By S. M. Tripathi and C. Lal
|
| 260 |
|
|
|a Delhi :
|b Ess Ess Publications,
|c 2001.
|
| 300 |
|
|
|a 255 p.
|
| 653 |
|
|
|a Library and information science
|
| 700 |
|
|
|a Lal, C.
|
| 942 |
|
|
|c REF
|
| 999 |
|
|
|c 143283
|d 143283
|
| 952 |
|
|
|0 0
|1 0
|4 0
|6 020_000000000000000_TRI_O
|7 0
|9 152391
|a LIS
|b LIS
|c REF
|d 2006-04-06
|g 450.00
|i 01670
|l 0
|o 020 TRI/O
|p LIS1670
|r 2016-07-26
|w 2016-07-26
|y REF
|
| 952 |
|
|
|0 0
|1 0
|4 0
|6 020_000000000000000_TRI_O
|7 0
|9 152392
|a LIS
|b LIS
|c REF
|d 2006-04-12
|g 450.00
|i 01704
|l 0
|o 020 TRI/O
|p LIS1704
|r 2016-07-26
|w 2016-07-26
|y REF
|
| 952 |
|
|
|0 0
|1 0
|4 0
|6 020_000000000000000_TRI_O
|7 0
|9 152393
|a LIS
|b LIS
|c REF
|d 2006-04-06
|g 450.00
|i 01692
|l 0
|o 020 TRI/O
|p LIS1692
|r 2016-07-26
|w 2016-07-26
|y REF
|